[Event "TCh-RUS HL 2022"]
[Site "Sochi RUS"]
[Date "2022.05.02"]
[Round "2.2"]
[Board "3"]
[White "Kiselev, Vladislav"]
[Black "Potapov, Pavel"]
[Result "1/2-1/2"]
[BlackTitle "GM"]
[WhiteElo "2095"]
[BlackElo "2481"]
[WhiteTeam "Tulskaya oblast"]
[BlackTeam "Qmal (QNAO)"]
[WhiteFideId "34177814"]
[BlackFideId "4169786"]
[EventDate "2022.05.01"]

1. c4 f5 2. g3 Nf6 3. Bg2 g6 4. d4 Bg7 5. Nc3 d6 6. d5 c6 7. Nh3 O-O 8. Nf4 e5
9. dxe6 Na6 10. h4 Qe7 11. h5 Nxh5 12. Nxh5 gxh5 13. Rxh5 Bxe6 14. Bg5 Qf7 15.
Rh4 Be5 16. Rc1 Bxc4 17. f4 Bf6 18. Qxd6 Bxg5 19. fxg5 Rad8 20. Qh6 Be6 21. Bf3
Nc7 22. Kf2 Qg7 23. Rb4 Bc8 24. Na4 Ne6 25. Nc5 Nxc5 26. Qxg7+ Kxg7 27. Rxc5 Kg6
28. a4 Kxg5 29. Rh4 Kg6 30. b4 Bd7 31. Rd4 Be6 32. Rxd8 Rxd8 33. b5 cxb5 34.
Rxb5 b6 35. a5 Rd6 36. axb6 axb6 37. e4 Bd7 38. exf5+ Kf6 39. Rb4 Bxf5 40. Ke3
Bg6 41. Kf4 Be8 42. Be4 h6 43. Rc4 Bg6 44. Bxg6 Kxg6 45. Rc8 Kf6 46. Rh8 Ke7 47.
Rh7+ Kd8 48. Ke5 Rg6 49. Kd5 Ke8 50. Ke4 Kf8 51. Kf5 Rc6 52. g4 Ke8 53. g5 hxg5
54. Kxg5 Kd8 55. Kf5 Kc8 56. Ke5 b5 57. Kd4 b4 58. Rh3 Rc3 59. Rxc3+ bxc3 60.
Kxc3 1/2-1/2

[Event "TCh-RUS HL 2022"]
[Site "Sochi RUS"]
[Date "2022.05.02"]
[Round "2.2"]
[Board "4"]
[White "Semenova, Elena1"]
[Black "Novikov, Denis Max"]
[Result "1-0"]
[WhiteTitle "WIM"]
[WhiteElo "2280"]
[BlackElo "1565"]
[WhiteTeam "Qmal (QNAO)"]
[BlackTeam "Tulskaya oblast"]
[WhiteFideId "24125148"]
[BlackFideId "24297410"]
[EventDate "2022.05.01"]

1. e4 c5 2. Nf3 d6 3. Bb5+ Bd7 4. Bxd7+ Qxd7 5. c4 e5 6. Nc3 Nc6 7. a3 a5 8. Nd5
Rb8 9. d3 Nge7 10. O-O Nxd5 11. cxd5 Nd4 12. Nxd4 exd4 13. a4 Be7 14. Bd2 b6 15.
f4 O-O 16. Qf3 Bf6 17. g4 h6 18. Be1 Qd8 19. Qg3 b5 20. h4 g5 21. fxg5 hxg5 22.
Bxa5 Qe7 23. Rf5 Be5 24. Qf2 Bf4 25. Bd2 Kg7 26. Bxf4 gxf4 27. Rg5+ 1-0

[Event "TCh-RUS HL 2022"]
[Site "Sochi RUS"]
[Date "2022.05.02"]
[Round "2.3"]
[Board "1"]
[White "Balashov, Yuri S"]
[Black "Ovod, Evgenija"]
[Result "1-0"]
[WhiteTitle "GM"]
[BlackTitle "IM"]
[WhiteElo "2417"]
[BlackElo "2321"]
[WhiteTeam "Sbornaya Rossii sredi veteranov"]
[BlackTeam "NGTU NETI (Novosibirskaya oblast)"]
[WhiteFideId "4100263"]
[BlackFideId "4131827"]
[EventDate "2022.05.01"]

1. c4 e6 2. g3 d5 3. Bg2 Nf6 4. Nf3 dxc4 5. Qa4+ Nbd7 6. O-O c5 7. Qxc4 b6 8.
Nc3 Bb7 9. d4 Rc8 10. Bg5 Be7 11. Rad1 Nd5 12. Bxe7 Qxe7 13. Qa4 cxd4 14. Nxd5
Bxd5 15. Nxd4 Bxg2 16. Kxg2 O-O 17. Qxa7 Ra8 18. Nc6 Rxa7 19. Nxe7+ Kh8 20. Nc6
Rc7 21. Rd6 g6 22. Rfd1 Nf6 23. Nb4 b5 24. Rb6 Rc5 25. Nd3 Rd5 26. Rc1 Nd7 27.
Rb7 Kg7 28. Rcc7 Ne5 29. Nf4 Rd6 30. Rxb5 Ng4 31. Nd3 h5 32. Rbb7 Rd5 33. a4 e5
34. Rc5 Rd4 35. Rb4 Rfd8 36. h3 e4 37. Rxd4 Rxd4 38. hxg4 exd3 39. exd3 Rxa4 40.
gxh5 gxh5 41. Rc4 Ra5 42. Kf3 Kf6 43. Ke3 Kg5 44. Rf4 f5 45. Kd2 Kf6 46. Kc3 Ke5
47. b4 Ra3+ 48. Kc4 Ra8 49. b5 Ra4+ 50. Kc5 Rxf4 51. gxf4+ Ke6 52. Kc6 h4 53. b6
h3 54. b7 h2 55. b8=Q h1=Q+ 56. Kc7 Qc1+ 57. Kd8 Qa1 58. Qc8+ Kf6 59. Qc6+ Kg7
60. Qd7+ Kh8 61. Qe8+ Kh7 62. Qe7+ Kg8 63. Qe6+ Kh7 64. Qxf5+ Kg8 65. Qd5+ Kh7
66. d4 Qb2 67. f5 Qxf2 68. Ke7 Qh4+ 69. Ke6 Kh6 70. Qg2 Qe1+ 71. Kf6 Qh4+ 72.
Kf7 Qh5+ 73. Qg6+ Qxg6+ 74. fxg6 1-0

[Event "TCh-RUS HL 2022"]
[Site "Sochi RUS"]
[Date "2022.05.02"]
[Round "2.3"]
[Board "2"]
[White "Chyndygyr, Tamerlan"]
[Black "Kalegin, Evgenij"]
[Result "0-1"]
[WhiteTitle "FM"]
[BlackTitle "IM"]
[WhiteElo "2383"]
[BlackElo "2416"]
[WhiteTeam "NGTU NETI (Novosibirskaya oblast)"]
[BlackTeam "Sbornaya Rossii sredi veteranov"]
[WhiteFideId "54176140"]
[BlackFideId "4103416"]
[EventDate "2022.05.01"]

1. d4 Nf6 2. c4 g6 3. Nc3 Bg7 4. e4 d6 5. Be2 O-O 6. Nf3 Nbd7 7. O-O e5 8. Be3
h6 9. h3 exd4 10. Nxd4 Re8 11. Qc2 Nc5 12. Bf3 Nh7 13. b4 Nd7 14. Rad1 a5 15. a3
axb4 16. axb4 c6 17. Rfe1 Qh4 18. Be2 Ng5 19. Nf3 Nxf3+ 20. Bxf3 Ne5 21. Be2 Ra3
22. Bd2 Bxh3 23. gxh3 Qxh3 24. Rc1 Ng4 25. Bxg4 Qxg4+ 26. Kf1 Qh3+ 27. Ke2 Qg4+
28. Kf1 d5 29. Re3 d4 30. Rg3 Qd7 31. Rd1 Qe6 32. Ne2 Rxg3 33. Nxg3 Qh3+ 34. Kg1
h5 35. Re1 h4 36. Nh1 Be5 37. f4 d3 38. Qc1 Bd4+ 39. Be3 Rxe4 40. Bxd4 Rxd4 41.
Re8+ Kh7 42. Qd2 Rxc4 43. Nf2 Qg3+ 44. Kf1 Rc2 45. Qe3 Re2 46. Qxg3 hxg3 47. Ne4
g2+ 48. Kg1 d2 0-1

[Event "TCh-RUS HL 2022"]
[Site "Sochi RUS"]
[Date "2022.05.02"]
[Round "2.3"]
[Board "3"]
[White "Filipenko, Alexander V"]
[Black "Kolmagorov, Alexey"]
[Result "1-0"]
[WhiteTitle "IM"]
[WhiteElo "2208"]
[BlackElo "2171"]
[WhiteTeam "Sbornaya Rossii sredi veteranov"]
[BlackTeam "NGTU NETI (Novosibirskaya oblast)"]
[WhiteFideId "4104471"]
[BlackFideId "34129402"]
[EventDate "2022.05.01"]

1. e4 c5 2. Nf3 Nc6 3. d4 cxd4 4. Nxd4 g6 5. c4 Nf6 6. Nc3 d6 7. Nc2 Bg7 8. Be2
O-O 9. O-O Nd7 10. Bd2 Nc5 11. b4 Bxc3 12. Bxc3 Nxe4 13. Bb2 Nf6 14. b5 Ne5 15.
c5 Be6 16. Ne3 Qc7 17. f4 Ned7 18. cxd6 Qc5 19. Qd4 Qxd4 20. Bxd4 exd6 21. f5
gxf5 22. Nxf5 Bxf5 23. Rxf5 Rfe8 24. Bf3 Ne4 25. Rf1 f6 26. Re1 Ndc5 27. Bxc5
Nxc5 28. Rd1 Rad8 29. Rxf6 Ne4 30. Rf4 Nc3 31. Rg4+ Kh8 32. Rd3 Nxb5 33. Rb3 a6
34. a4 Nc7 35. Rxb7 Ne6 36. Be4 Rb8 37. Rxh7# 1-0

[Event "TCh-RUS HL 2022"]
[Site "Sochi RUS"]
[Date "2022.05.02"]
[Round "2.3"]
[Board "4"]
[White "Plyasunov, Daniil"]
[Black "Rashkovsky, Nukhim N"]
[Result "1-0"]
[BlackTitle "GM"]
[WhiteElo "2154"]
[BlackElo "2441"]
[WhiteTeam "NGTU NETI (Novosibirskaya oblast)"]
[BlackTeam "Sbornaya Rossii sredi veteranov"]
[WhiteFideId "44133839"]
[BlackFideId "4100603"]
[EventDate "2022.05.01"]

1. e4 c5 2. Nc3 d6 3. d4 cxd4 4. Qxd4 Nc6 5. Qd2 a6 6. b3 e6 7. Bb2 b5 8. O-O-O
Bb7 9. Kb1 Nf6 10. f3 h5 11. Nh3 Qc7 12. Bxb5 axb5 13. Nxb5 Qb8 14. c4 Be7 15.
Nxd6+ Bxd6 16. Qxd6 Qxd6 17. Rxd6 Ke7 18. Rhd1 Rhd8 19. Rxd8 Rxd8 20. Rxd8 Kxd8
21. Nf4 h4 22. h3 Ke8 23. Nd3 Ne7 24. Kc2 Nxe4 25. fxe4 Bxe4 26. Bxg7 Ng6 27.
Kd2 Bxg2 28. Nf2 f5 29. Ke3 Kf7 30. Bc3 e5 31. Nd3 Ke6 32. Bxe5 Bxh3 33. Nf4+
Nxf4 34. Bxf4 Bg4 35. Kd4 Kd7 36. Kc5 h3 37. Kb6 1-0

[Event "TCh-RUS HL 2022"]
[Site "Sochi RUS"]
[Date "2022.05.02"]
[Round "2.4"]
[Board "1"]
[White "Airapetian, Gor"]
[Black "Yeletsky, Ivan"]
[Result "0-1"]
[WhiteTitle "IM"]
[BlackTitle "FM"]
[WhiteElo "2464"]
[BlackElo "2461"]
[WhiteTeam "Lipetskaya oblast"]
[BlackTeam "Temus Tim (g. Moskva)"]
[WhiteFideId "4177916"]
[BlackFideId "24180327"]
[EventDate "2022.05.01"]

1. d4 d5 2. c4 c6 3. Nf3 Nf6 4. Nc3 e6 5. e3 Nbd7 6. Qc2 Bd6 7. Bd3 O-O 8. O-O
dxc4 9. Bxc4 b5 10. Be2 a6 11. Rd1 Qc7 12. Bd2 Bb7 13. b4 a5 14. a3 axb4 15.
axb4 Nd5 16. Rab1 Nxb4 17. Nxb5 Nxc2 18. Nxc7 Ra7 19. Rb2 Na3 20. Ra1 Rc8 21.
Rba2 Rxc7 22. Bc1 Rc8 23. Nd2 Rca8 24. Nc4 Bb4 25. Nxa3 c5 26. Bc4 Bd5 27. Bxd5
exd5 28. dxc5 Nxc5 29. Rb1 Nd3 30. Raa1 Bc3 0-1

[Event "TCh-RUS HL 2022"]
[Site "Sochi RUS"]
[Date "2022.05.02"]
[Round "2.4"]
[Board "2"]
[White "Khudyakov, Stanislav"]
[Black "Grigorjev, Iljya"]
[Result "1/2-1/2"]
[BlackTitle "FM"]
[WhiteElo "2257"]
[BlackElo "2362"]
[WhiteTeam "Temus Tim (g. Moskva)"]
[BlackTeam "Lipetskaya oblast"]
[WhiteFideId "44131232"]
[BlackFideId "24159565"]
[EventDate "2022.05.01"]

1. d4 Nf6 2. c4 g6 3. Nc3 d5 4. Bf4 Bg7 5. e3 O-O 6. cxd5 Nxd5 7. Nxd5 Qxd5 8.
Bxc7 Na6 9. Bxa6 Qxg2 10. Qf3 Qxf3 11. Nxf3 bxa6 12. Rc1 f6 13. Rg1 Rf7 14. Ke2
Bb7 15. Rgd1 e6 16. Bd6 Rd7 17. Bc5 a5 18. Nd2 a4 19. Nb1 Ba6+ 20. Ke1 Rd5 21.
Nc3 Rh5 22. Bd6 Bf8 23. Ne4 Bxd6 24. Nxd6 Rb8 25. Rc6 Bb7 26. Nxb7 Rxb7 27. Rd2
Rxh2 28. Rxe6 Kf7 29. Ra6 Rh1+ 30. Ke2 Rb1 31. Rxa4 R1xb2 32. Rxb2 Rxb2+ 33. Kf3
Rb7 34. Ra6 g5 35. e4 Re7 36. d5 h5 37. Ra4 f5 38. exf5 Kf6 39. d6 Rd7 40. Ke4
Rxd6 41. Rxa7 Rc6 1/2-1/2

[Event "TCh-RUS HL 2022"]
[Site "Sochi RUS"]
[Date "2022.05.02"]
[Round "2.4"]
[Board "3"]
[White "Kazmin, Semen"]
[Black "Rostovtsev, Dmitry"]
[Result "1/2-1/2"]
[BlackTitle "FM"]
[WhiteElo "2153"]
[BlackElo "2299"]
[WhiteTeam "Lipetskaya oblast"]
[BlackTeam "Temus Tim (g. Moskva)"]
[WhiteFideId "34171409"]
[BlackFideId "34278320"]
[EventDate "2022.05.01"]

1. e4 e5 2. Nf3 Nc6 3. Bc4 Bc5 4. c3 Nf6 5. d3 d6 6. O-O O-O 7. h3 h6 8. Re1 a6
9. a4 Ba7 10. Nbd2 Nh5 11. Nf1 Qf6 12. Be3 Nf4 13. Ng3 g6 14. Nh2 h5 15. Qf3 Be6
16. b4 Kg7 17. Kh1 Bxc4 18. dxc4 a5 19. b5 Nd8 20. Bxa7 Rxa7 21. c5 dxc5 22.
Nhf1 Nde6 23. Ne3 Ng5 24. Qd1 Rd8 25. Qc2 h4 26. Ng4 Qe6 27. Nf1 Nh7 28. Nfe3
Nf6 29. Nxf6 Kxf6 30. Rad1 Raa8 31. c4 Kg7 32. Nd5 Nxd5 33. exd5 Qf6 34. Re4 Re8
35. Rde1 c6 36. f4 Re6 37. fxe5 Qe7 38. Qf2 cxb5 39. cxb5 Re8 40. Rf1 Kg8 41.
Rf4 Rf8 42. Qxh4 Qxh4 43. Rxh4 Rxe5 44. Rf6 Rc8 45. Rc4 Re6 46. Rxe6 fxe6 47. b6
Kf7 48. Kh2 Rb8 1/2-1/2

[Event "TCh-RUS HL 2022"]
[Site "Sochi RUS"]
[Date "2022.05.02"]
[Round "2.4"]
[Board "4"]
[White "Voinikonis, Nikita"]
[Black "Bukatin, Arseny"]
[Result "1-0"]
[WhiteTitle "FM"]
[WhiteElo "2086"]
[BlackElo "2120"]
[WhiteTeam "Temus Tim (g. Moskva)"]
[BlackTeam "Lipetskaya oblast"]
[WhiteFideId "34187500"]
[BlackFideId "34138932"]
[EventDate "2022.05.01"]

1. e4 e5 2. Bc4 Nf6 3. d3 c6 4. Nf3 d5 5. Bb3 Bd6 6. Nc3 Be6 7. exd5 cxd5 8. Bg5
Bc7 9. d4 e4 10. Ne5 h6 11. Bxf6 gxf6 12. Ng4 f5 13. Ne3 Ba5 14. Qh5 Nc6 15.
Nxf5 Qg5 16. Qxg5 hxg5 17. Nd6+ Kf8 18. Nxb7 Bb4 19. O-O-O Bxc3 20. bxc3 f5 21.
Nc5 Bf7 22. f3 e3 23. Rde1 f4 24. g3 Ne7 25. Nd3 Ng6 26. gxf4 gxf4 27. Reg1 Re8
28. Rg4 e2 29. Kd2 Rh3 30. Nxf4 Nh4 31. Nxh3 Nxf3+ 32. Kc1 e1=Q+ 33. Rxe1 Rxe1+
34. Kb2 Nxh2 35. Rg1 Re2 36. Nf4 Rf2 37. Nxd5 Nf3 38. Rh1 Nd2 39. Nb4 Bg6 40.
Rh8+ Ke7 41. Ra8 Rf1 42. Rxa7+ Kf6 43. c4 Rb1+ 44. Ka3 Bh5 45. Nd5+ Kg5 46. Nc3
Re1 47. Ra5+ Kg4 48. d5 Bg6 49. d6 1-0

[Event "TCh-RUS HL 2022"]
[Site "Sochi RUS"]
[Date "2022.05.03"]
[Round "3.1"]
[Board "1"]
[White "Maletin, Pavel"]
[Black "Chekhov, Sergei"]
[Result "1/2-1/2"]
[WhiteTitle "GM"]
[BlackTitle "IM"]
[WhiteElo "2586"]
[BlackElo "2451"]
[WhiteTeam "Sbornaya Novosibirskoy oblasti"]
[BlackTeam "Inleksis (Voronezhskaya oblast)"]
[WhiteFideId "4146786"]
[BlackFideId "4195639"]
[EventDate "2022.05.01"]

1. c4 Nf6 2. g3 c6 3. Nf3 d5 4. Bg2 dxc4 5. O-O Nbd7 6. Na3 Nb6 7. Ne5 Be6 8.
Qc2 h5 9. Naxc4 Nxc4 10. Nxc4 h4 11. Ne5 hxg3 12. hxg3 Qc8 13. Rd1 g6 14. d4 Bg7
15. e4 Nh5 16. Qc5 Bh3 17. Bg5 Bf6 18. Bxf6 Nxf6 19. Bf3 Nd7 20. Nxd7 Bxd7 21.
Qg5 Kf8 22. Rac1 Be8 23. Bg2 f6 24. Qe3 Qe6 25. d5 Qe5 26. f4 Qxb2 27. Rb1 Qxa2
28. Rxb7 Qa6 29. Rdb1 cxd5 30. exd5 Qd6 31. Re1 Rh7 32. Qd4 Rd8 33. Qxa7 Rd7 34.
Rxd7 Bxd7 35. Rb1 Kf7 36. Rb7 Bf5 37. Qe3 Kf8 38. Rb6 Qc7 39. Rc6 Qd7 40. Qc5
Rf7 41. Qb6 Kg7 42. Kf2 Qe8 43. Bf3 Qh8 44. Kg1 Qh3 45. Qf2 Bd7 46. Rb6 Rf8 47.
Qg2 Qxg2+ 48. Kxg2 Rd8 49. g4 Be8 50. Rb7 1/2-1/2

[Event "TCh-RUS HL 2022"]
[Site "Sochi RUS"]
[Date "2022.05.03"]
[Round "3.1"]
[Board "2"]
[White "Klimentov, Evgeny"]
[Black "Kezin, Roman"]
[Result "1-0"]
[WhiteTitle "FM"]
[BlackTitle "IM"]
[WhiteElo "2281"]
[BlackElo "2510"]
[WhiteTeam "Inleksis (Voronezhskaya oblast)"]
[BlackTeam "Sbornaya Novosibirskoy oblasti"]
[WhiteFideId "24128899"]
[BlackFideId "24124621"]
[EventDate "2022.05.01"]

1. e4 c5 2. Nf3 e6 3. d4 cxd4 4. Nxd4 Nc6 5. Nc3 Qc7 6. g3 a6 7. Bg2 h5 8. O-O
h4 9. Nxc6 bxc6 10. Re1 d6 11. e5 d5 12. Na4 Bb7 13. c4 dxc4 14. Bg5 hxg3 15.
hxg3 c5 16. Nc3 Be7 17. Ne4 Kf8 18. Nd6 Bxg2 19. Bxe7+ Nxe7 20. Kxg2 Qc6+ 21. f3
Rd8 22. Qe2 Nf5 23. Nxc4 Rd4 24. Rad1 Qd5 25. b3 Rg4 26. Rxd5 Rxg3+ 27. Kf1 Rh1+
28. Kf2 Rh2+ 29. Kf1 Rxe2 30. Rd8+ Ke7 31. Red1 Rxe5 32. Nxe5 Ne3+ 33. Kf2 Nxd1+
34. Rxd1 Rg5 35. Nc4 Rh5 36. Kg3 Rg5+ 37. Kf4 Rg2 38. Rd2 g5+ 39. Ke3 Rxd2 40.
Nxd2 f5 41. Nc4 Kf6 42. Kd3 e5 43. Ne3 g4 44. fxg4 e4+ 45. Ke2 f4 46. Nc4 Kg5
47. Nd6 e3 48. Kf3 e2 49. Ne4+ Kh4 50. Kxe2 1-0

[Event "TCh-RUS HL 2022"]
[Site "Sochi RUS"]
[Date "2022.05.03"]
[Round "3.1"]
[Board "3"]
[White "Obgolts, Erik"]
[Black "Aminov, Andrey"]
[Result "0-1"]
[WhiteTitle "FM"]
[WhiteElo "2437"]
[BlackElo "2297"]
[WhiteTeam "Sbornaya Novosibirskoy oblasti"]
[BlackTeam "Inleksis (Voronezhskaya oblast)"]
[WhiteFideId "24199044"]
[BlackFideId "24162728"]
[EventDate "2022.05.01"]

1. e4 e5 2. Nf3 Nc6 3. Bb5 a6 4. Ba4 Nf6 5. O-O b5 6. Bb3 Bc5 7. a4 Rb8 8. c3 d6
9. d4 Bb6 10. a5 Ba7 11. Be3 Bg4 12. dxe5 Bxf3 13. Qxf3 Nxe5 14. Qe2 Bxe3 15.
Qxe3 O-O 16. Nd2 Re8 17. Bc2 Nc4 18. Nxc4 bxc4 19. Ra2 Nxe4 20. Bxe4 d5 21. Qa7
Ra8 22. Bxh7+ Kxh7 23. Qd4 Rb8 24. g3 Rb5 25. Rd1 Qd6 26. Rd2 Qe5 27. Qxe5 Rxe5
28. Kf1 Kg6 29. f3 Kf6 30. h4 Re6 31. Kf2 Rc6 32. Rd1 Rcc5 33. Rda1 Ke5 34. g4
Kf4 35. h5 c6 36. Ke2 Rb8 37. Rd1 Rcb5 38. Rd2 Kg3 39. Kf1 Rb3 40. Rf2 R8b7 41.
g5 Kh4 42. h6 gxh6 43. gxh6 Kg5 44. h7 Rb8 45. Rg2+ Kh6 46. Kf2 Kxh7 47. Ke3
Re8+ 48. Kd4 Re1 49. Kc5 Re6 50. Ra1 Rb5+ 51. Kd4 Rg6 52. Rxg6 Kxg6 53. Ke5 f6+
54. Kd6 Rxb2 55. Kxc6 Rb5 56. Rd1 Rxa5 57. Rxd5 Ra3 58. Kc5 Rxc3 59. Kb4 Rxf3
60. Kxc4 f5 61. Rd6+ Kg5 62. Rxa6 Re3 63. Kd4 f4 64. Ra1 Re8 65. Rg1+ Kf5 66.
Kd3 f3 67. Rg7 Kf4 68. Kd2 f2 69. Rf7+ Kg3 70. Rg7+ Kh2 71. Rh7+ Kg1 72. Rg7+
Kf1 73. Rg6 Rd8+ 74. Kc2 Rd5 0-1

[Event "TCh-RUS HL 2022"]
[Site "Sochi RUS"]
[Date "2022.05.03"]
[Round "3.1"]
[Board "4"]
[White "Polukhin, Alexander"]
[Black "Khubukshanov, Erdem"]
[Result "0-1"]
[BlackTitle "FM"]
[WhiteElo "2170"]
[BlackElo "2392"]
[WhiteTeam "Inleksis (Voronezhskaya oblast)"]
[BlackTeam "Sbornaya Novosibirskoy oblasti"]
[WhiteFideId "34143022"]
[BlackFideId "54114527"]
[EventDate "2022.05.01"]

1. e4 c5 2. c4 Nc6 3. Nc3 g6 4. g3 Bg7 5. Bg2 a6 6. a3 Rb8 7. Nge2 b5 8. cxb5
axb5 9. b4 d6 10. Rb1 c4 11. O-O Ne5 12. d4 cxd3 13. Nf4 Bg4 14. f3 Bd7 15. Nxd3
Nc4 16. Nd5 Nf6 17. Ne3 Qb6 18. Qe2 O-O 19. Kh1 Ra8 20. Nf4 Nxa3 21. Ra1 Nc4 22.
Ned5 Nxd5 23. Nxd5 Qb7 24. Nxe7+ Kh8 25. Rxa8 Rxa8 26. Rd1 Ra1 27. h4 Qa7 28.
Bf4 Ra2 29. Qf1 Qa4 30. Nd5 h5 31. e5 Qc2 32. Rc1 Qf5 33. Ne7 Qe6 34. exd6 Be5
35. Bxe5+ Qxe5 36. f4 Qxd6 37. Nd5 Bc6 38. Rd1 Rxg2 39. Qxg2 Ne3 40. Qb2+ Kg8
41. Rd4 Bxd5+ 42. Kg1 Qb6 43. Kh2 Nf1+ 44. Kg1 Nxg3 45. Kh2 Nf1+ 46. Kg1 Ne3 47.
Kh2 Qf6 48. Kh3 Nf5 49. Rxd5 Qxb2 50. Rd8+ Kh7 51. Rh8+ Qxh8 0-1

[Event "TCh-RUS HL 2022"]
[Site "Sochi RUS"]
[Date "2022.05.03"]
[Round "3.2"]
[Board "1"]
[White "Yeletsky, Ivan"]
[Black "Balashov, Yuri S"]
[Result "1/2-1/2"]
[WhiteTitle "FM"]
[BlackTitle "GM"]
[WhiteElo "2461"]
[BlackElo "2417"]
[WhiteTeam "Temus Tim (g. Moskva)"]
[BlackTeam "Sbornaya Rossii sredi veteranov"]
[WhiteFideId "24180327"]
[BlackFideId "4100263"]
[EventDate "2022.05.01"]

1. e4 e5 2. Nf3 Nc6 3. Bc4 Nf6 4. d3 Be7 5. O-O O-O 6. Re1 d6 7. a4 Be6 8. Nc3
a5 9. h3 Bxc4 10. dxc4 Re8 11. Nd5 Nxd5 12. cxd5 Nb8 13. Be3 Nd7 14. c3 Nf6 15.
Qd3 Qd7 16. Nd2 h6 17. Reb1 b6 18. Qb5 Qxb5 19. axb5 Nd7 20. b4 Bg5 21. Bxg5
hxg5 22. Nc4 axb4 23. cxb4 Nf6 24. f3 Rxa1 25. Rxa1 Nh5 26. Ra7 Rc8 27. Kf2 Nf4
28. Ra3 g6 29. Ne3 Kf8 30. g3 Nh5 31. Ra7 Ke7 32. Nc4 Kd8 33. Ne3 Kd7 34. Kg2
Rb8 35. Kh2 Rf8 36. Nc4 Rb8 37. Nb2 Rf8 38. Kg2 Rh8 39. Nc4 Rb8 40. Ne3 Rf8 41.
Nc4 1/2-1/2

[Event "TCh-RUS HL 2022"]
[Site "Sochi RUS"]
[Date "2022.05.03"]
[Round "3.2"]
[Board "2"]
[White "Kalegin, Evgenij"]
[Black "Khudyakov, Stanislav"]
[Result "1-0"]
[WhiteTitle "IM"]
[WhiteElo "2416"]
[BlackElo "2257"]
[WhiteTeam "Sbornaya Rossii sredi veteranov"]
[BlackTeam "Temus Tim (g. Moskva)"]
[WhiteFideId "4103416"]
[BlackFideId "44131232"]
[EventDate "2022.05.01"]

1. e4 c5 2. Nf3 Nc6 3. Bb5 g6 4. Bxc6 dxc6 5. d3 Bg7 6. h3 e5 7. Nc3 Qc7 8. Be3
b6 9. a3 Ne7 10. b4 cxb4 11. axb4 O-O 12. Qc1 f5 13. Bh6 Be6 14. Bxg7 Kxg7 15.
Qb2 a5 16. bxa5 Rxa5 17. Rxa5 bxa5 18. O-O Rb8 19. Qa3 c5 20. Ra1 c4 21. Qxa5
Qxa5 22. Rxa5 Rb2 23. Rxe5 Kf6 24. dxc4 Bg8 25. Rc5 Rxc2 26. Nd5+ Nxd5 27. Rc6+
Ke7 28. exd5 Bf7 29. Ne5 1-0

[Event "TCh-RUS HL 2022"]
[Site "Sochi RUS"]
[Date "2022.05.03"]
[Round "3.2"]
[Board "3"]
[White "Rostovtsev, Dmitry"]
[Black "Zhelnin, Vladimir V"]
[Result "0-1"]
[WhiteTitle "FM"]
[BlackTitle "IM"]
[WhiteElo "2299"]
[BlackElo "2380"]
[WhiteTeam "Temus Tim (g. Moskva)"]
[BlackTeam "Sbornaya Rossii sredi veteranov"]
[WhiteFideId "34278320"]
[BlackFideId "4105567"]
[EventDate "2022.05.01"]

1. d4 g6 2. e4 Bg7 3. Nc3 d6 4. f4 c6 5. Nf3 Nf6 6. e5 Nd5 7. Nxd5 cxd5 8. Bd3
Nc6 9. c3 O-O 10. Qb3 dxe5 11. fxe5 Na5 12. Qc2 Bg4 13. O-O Qd7 14. Bf4 e6 15.
Bg5 Rac8 16. Qc1 Bf5 17. Bxf5 exf5 18. Bh6 Nc6 19. Bxg7 Kxg7 20. Qf4 Nd8 21. Qh4
Rc6 22. Rf2 Ne6 23. Raf1 Qd8 24. Qg3 b5 25. a3 a5 26. h4 b4 27. axb4 axb4 28.
Ng5 bxc3 29. bxc3 h6 30. Nxe6+ fxe6 31. Ra1 Rf7 32. Ra3 Qb6 33. Kh2 Qb1 34. Qe3
Rfc7 35. Rfa2 Qe4 36. Qxe4 fxe4 37. Ra6 h5 38. Rxc6 Rxc6 39. Ra3 g5 40. Kg3 Kg6
41. hxg5 Kxg5 42. Kf2 Kf4 43. g3+ Kg4 44. Ra8 Rxc3 45. Rg8+ Kh3 46. Rg5 h4 47.
gxh4 Kxh4 48. Rg6 Rc6 49. Ke3 Kh5 50. Rf6 Kg5 51. Ke2 Rc2+ 52. Ke3 Rc3+ 53. Ke2
Rd3 54. Rxe6 Rxd4 55. Rf6 Ra4 56. Ke3 Ra3+ 57. Kd4 Rd3+ 58. Kc5 e3 59. Rf1 e2
60. Re1 Re3 61. Kxd5 Kf5 62. Kd4 Kf4 63. Kd5 0-1

[Event "TCh-RUS HL 2022"]
[Site "Sochi RUS"]
[Date "2022.05.03"]
[Round "3.2"]
[Board "4"]
[White "Filipenko, Alexander V"]
[Black "Voinikonis, Nikita"]
[Result "1/2-1/2"]
[WhiteTitle "IM"]
[BlackTitle "FM"]
[WhiteElo "2208"]
[BlackElo "2086"]
[WhiteTeam "Sbornaya Rossii sredi veteranov"]
[BlackTeam "Temus Tim (g. Moskva)"]
[WhiteFideId "4104471"]
[BlackFideId "34187500"]
[EventDate "2022.05.01"]

1. e4 c6 2. d4 d5 3. exd5 cxd5 4. Bd3 Nf6 5. c3 Bg4 6. Qb3 Qc7 7. Ne2 Bxe2 8.
Bxe2 e6 9. Na3 a6 10. g3 Bd6 11. Qa4+ Qd7 12. Qxd7+ Kxd7 13. Nb1 h5 14. f3 h4
15. g4 h3 16. Be3 Nc6 17. Nd2 Ne7 18. Bd3 Ng6 19. Bxg6 fxg6 20. Bf2 e5 21. dxe5
Bxe5 22. O-O Rae8 23. Rae1 Nh7 24. Bg3 Bf6 25. Rxe8 Rxe8 26. Re1 Rf8 27. f4 g5
28. f5 Bd8 29. Nf3 Nf6 30. Ne5+ Kc8 31. Kf2 Re8 32. Kf3 Bc7 33. Nd3 Re4 34. Bxc7
Kxc7 35. Rg1 d4 36. cxd4 Rxd4 37. Nf2 Rd2 38. Nxh3 Rd3+ 39. Kg2 Nxg4 40. Nxg5
Kd6 41. Nf3 Ne3+ 42. Kg3 Nxf5+ 43. Kf4 Nd4 44. Nxd4 Rxd4+ 45. Ke3 Rb4 46. b3 Rh4
47. Rxg7 1/2-1/2

[Event "TCh-RUS HL 2022"]
[Site "Sochi RUS"]
[Date "2022.05.03"]
[Round "3.3"]
[Board "1"]
[White "Averin, Nikolay"]
[Black "Trushnikov, Sergey"]
[Result "0-1"]
[WhiteElo "2427"]
[BlackElo "2525"]
[WhiteTeam "Shkola im. M.M. Botvinnika (g. Moskva)"]
[BlackTeam "Gorod Armavir (Krasnodarskiy kray)"]
[WhiteFideId "24250473"]
[BlackFideId "34299360"]
[EventDate "2022.05.01"]

1. e4 g6 2. d4 Bg7 3. Nc3 a6 4. a4 d6 5. h3 Nf6 6. g4 h5 7. g5 Ng8 8. Bg2 e6 9.
Be3 Ne7 10. Nge2 Nbc6 11. Qd2 d5 12. O-O-O O-O 13. Nf4 Nb4 14. exd5 exd5 15. Ne4
Na2+ 16. Kb1 dxe4 17. Kxa2 b5 18. Bxe4 Rb8 19. Qa5 bxa4 20. c4 Bb7 21. Bxb7 Rxb7
22. Qxa4 c5 23. Ne2 Nf5 24. Qc6 Qa5+ 25. Kb1 Rfb8 26. Bc1 Nxd4 27. Nxd4 Bxd4 28.
Rd2 Qc3 29. Rxd4 Rxb2+ 0-1